[Event "Titled Tuesday intern op 22nd Dec"]
[Site "Chess.com INT"]
[Date "2020.12.22"]
[Round "9"]
[White "Golubev, Mikhail"]
[Black "Yurkov, Pavel"]
[Result "0-1"]
[WhiteElo "2461"]
[BlackElo "2300"]
[PlyCount "56"]
[EventDate "2020.12.22"]
[EventType "swiss (blitz)"]
[EventRounds "11"]
[EventCountry "USA"]
[SourceTitle "CBM 199 Extra"]
[Source "ChessBase"]
[SourceDate "2021.01.31"]
[SourceVersion "1"]
[SourceVersionDate "2021.01.31"]
[SourceQuality "1"]

1. e4 c5 2. Nf3 Nc6 3. Nc3 e5 4. Bc4 d6 5. d3 Be7 6. Nd2 Nf6 7. Nf1 Be6 8. Ne3 0-0 9. 0-0 Na5 10. Ncd5 Nxc4 11. Nxf6+ Bxf6 12. dxc4 Bg5 13. Nd5 Bxc1 14. Rxc1 Qg5 15. b3 Rad8 16. Qd3 f5 17. exf5 Rxf5 18. Rcd1 h5 19. Nc3 Rf4 20. Ne4 Qg6 21. Nxd6 e4 22. Qe3 Rg4 23. g3 h4 24. Nxb7 Rd4 25. Nxc5 hxg3 26. Qxd4 gxh2+ 27. Kh1 Rg1+ 28. Rxg1 hxg1Q+ 0-1

[Event "Titled Tuesday intern op 22nd Dec"]
[Site "Chess.com INT"]
[Date "2020.12.22"]
[Round "4"]
[White "Yurkov, Pavel"]
[Black "Hoffmann, Asa"]
[Result "1-0"]
[WhiteElo "2300"]
[BlackElo "2185"]
[PlyCount "55"]
[EventDate "2020.12.22"]
[EventType "swiss (blitz)"]
[EventRounds "11"]
[EventCountry "USA"]
[SourceTitle "CBM 199 Extra"]
[Source "ChessBase"]
[SourceDate "2021.01.31"]
[SourceVersion "1"]
[SourceVersionDate "2021.01.31"]
[SourceQuality "1"]

1. e4 d6 2. d4 Nf6 3. Nc3 c6 4. Bg5 Nbd7 5. Qd2 b5 6. a3 a5 7. f4 b4 8. axb4 axb4 9. Rxa8 bxc3 10. Qxc3 Nb6 11. Qxc6+ Nfd7 12. Ba6 Nxa8 13. Bxc8 Nab6 14. Bxd7+ Nxd7 15. Nf3 g6 16. e5 Bg7 17. exd6 0-0 18. dxe7 Qa5+ 19. Kf2 Bxd4+ 20. Nxd4 Qd2+ 21. Ne2 Re8 22. Qc3 Qd5 23. Qd4 Qe6 24. Rd1 Nb6 25. Qd6 Nc8 26. Qxe6 fxe6 27. Rd8 Kf7 28. Rxe8 1-0

[Event "Titled Tuesday intern op 22nd Dec"]
[Site "Chess.com INT"]
[Date "2020.12.22"]
[Round "1"]
[White "Yurkov, Pavel"]
[Black "Kim, Sergey2222"]
[Result "0-1"]
[WhiteElo "2300"]
[BlackElo "2295"]
[PlyCount "94"]
[EventDate "2020.12.22"]
[EventType "swiss (blitz)"]
[EventRounds "11"]
[EventCountry "USA"]
[SourceTitle "CBM 199 Extra"]
[Source "ChessBase"]
[SourceDate "2021.01.31"]
[SourceVersion "1"]
[SourceVersionDate "2021.01.31"]
[SourceQuality "1"]

1. d4 Nf6 2. c4 g6 3. Nc3 Bg7 4. e4 d6 5. Nf3 0-0 6. Be2 e5 7. 0-0 exd4 8. Nxd4 Re8 9. Qc2 Nbd7 10. Rd1 c6 11. Bf4 Ne5 12. c5 d5 13. Nf3 Nxf3+ 14. Bxf3 d4 15. Ne2 Ng4 16. Bd6 d3 17. Rxd3 Qh4 18. Bxg4 Bxg4 19. Ng3 Qg5 20. f4 Qh4 21. e5 Be6 22. Rf1 Bd5 23. Rd2 b6 24. Rdf2 bxc5 25. b3 a5 26. Qxc5 a4 27. b4 Qd8 28. b5 Ra5 29. Qb4 Rxb5 30. Qxa4 Qb6 31. a3 Rb2 32. Qd1 Rxf2 33. Rxf2 Ra8 34. Qc1 Bh6 35. Bc5 Qb3 36. Bb4 Qd3 37. Qd2 Qxd2 38. Rxd2 Bxf4 39. Re2 h5 40. Bd6 h4 41. Ne4 Bxe4 42. Rxe4 g5 43. g3 hxg3 44. hxg3 Bxg3 45. Kg2 Bf4 46. Kf3 Rd8 47. Kg4 Kg7 0-1

[Event "Titled Tuesday intern op 22nd Dec"]
[Site "Chess.com INT"]
[Date "2020.12.22"]
[Round "11"]
[White "Yurkov, Pavel"]
[Black "Lysiak, Magdalena"]
[Result "0-1"]
[WhiteElo "2300"]
[BlackElo "2126"]
[PlyCount "90"]
[EventDate "2020.12.22"]
[EventType "swiss (blitz)"]
[EventRounds "11"]
[EventCountry "USA"]
[SourceTitle "CBM 199 Extra"]
[Source "ChessBase"]
[SourceDate "2021.01.31"]
[SourceVersion "1"]
[SourceVersionDate "2021.01.31"]
[SourceQuality "1"]

1. d4 Nf6 2. c4 e6 3. Nc3 Bb4 4. e3 0-0 5. Nge2 d6 6. a3 Bxc3+ 7. Nxc3 e5 8. Be2 Qe7 9. 0-0 Nbd7 10. b4 a5 11. Bb2 b6 12. Rc1 Bb7 13. d5 g6 14. e4 Ne8 15. Qd2 Ng7 16. Qh6 f5 17. h4 Nf6 18. Bf3 fxe4 19. Bxe4 Nxe4 20. Nxe4 Nf5 21. Qg5 Qg7 22. b5 h6 23. Qg4 Rae8 24. h5 g5 25. Qd1 Bc8 26. Rc3 Nh4 27. Rg3 Rf4 28. f3 Ref8 29. Bc1 Qf7 30. Bxf4 Qxf4 31. Qd2 Nf5 32. Qxf4 exf4 33. Rh3 Ne3 34. g4 fxg3 35. Rxg3 Nxf1 36. Kxf1 Rf4 37. Ke2 Kf7 38. Kd3 Bf5 39. Ke3 Rh4 40. Nd2 Rxh5 41. f4 Kf6 42. fxg5+ hxg5 43. Rf3 g4 44. Ne4+ Ke5 45. Rf4 Rh3+ 0-1

[Event "Titled Tuesday intern op 22nd Dec"]
[Site "Chess.com INT"]
[Date "2020.12.22"]
[Round "8"]
[White "Yurkov, Pavel"]
[Black "Przybylski, Wojciech"]
[Result "1-0"]
[WhiteElo "2300"]
[BlackElo "2321"]
[PlyCount "57"]
[EventDate "2020.12.22"]
[EventType "swiss (blitz)"]
[EventRounds "11"]
[EventCountry "USA"]
[SourceTitle "CBM 199 Extra"]
[Source "ChessBase"]
[SourceDate "2021.01.31"]
[SourceVersion "1"]
[SourceVersionDate "2021.01.31"]
[SourceQuality "1"]

1. d4 Nf6 2. c4 c5 3. d5 e6 4. Nc3 Be7 5. d6 Bf8 6. e4 a6 7. e5 Ng8 8. Nf3 Nc6 9. Bd3 f5 10. Bg5 Qa5 11. 0-0 Nd4 12. Nxd4 cxd4 13. Bxf5 exf5 14. Nd5 Kf7 15. b4 Qa3 16. Bc1 Qc3 17. Nxc3 dxc3 18. Qd5+ Ke8 19. Re1 h6 20. Be3 h5 21. Bd4 Rh6 22. Qxg8 Re6 23. Bxc3 a5 24. bxa5 Ra6 25. Rab1 Rc6 26. Bd4 f4 27. c5 f3 28. Re3 fxg2 29. Rf3 1-0

[Event "Karakol Derbishev Memorial"]
[Site "Karakol"]
[Date "2017.??.??"]
[Round "2"]
[White "Omuraliyev, Kayrat"]
[Black "Yurkov, Pavel"]
[Result "0-1"]
[WhiteElo "1796"]
[BlackElo "2325"]
[PlyCount "84"]
[EventDate "2017.08.16"]
[EventType "swiss"]
[EventRounds "9"]
[EventCountry "KGZ"]
[SourceTitle "CBM 180 Extra"]
[Source "ChessBase"]
[SourceDate "2017.10.06"]
[SourceVersion "1"]
[SourceVersionDate "2017.10.06"]
[SourceQuality "1"]

1. d4 Nf6 2. c4 c5 3. d5 e6 4. Nc3 exd5 5. cxd5 Bd6 6. Nf3 0-0 7. g3 Bc7 8. Bg2 d6 9. 0-0 a6 10. a4 Nbd7 11. e4 Rb8 12. Bg5 h6 13. Bf4 Re8 14. Re1 b5 15. axb5 axb5 16. Qd3 c4 17. Qc2 Ne5 18. Nd4 Bd7 19. Bxe5 dxe5 20. Nf5 g6 21. Ne3 Bb6 22. b3 Bd4 23. Ra2 b4 24. Na4 c3 25. Bf1 h5 26. Qd3 Bb5 27. Nc4 Kg7 28. Qf3 h4 29. Ne3 Qd7 30. Bxb5 Rxb5 31. Nc2 Ba7 32. Kg2 Rh8 33. Ne3 Bd4 34. Rc2 Rbb8 35. gxh4 Rxh4 36. Nf1 Rbh8 37. Re3 Rf4 38. Qe2 Bxe3 39. fxe3 Qh3+ 40. Kg1 Rg4+ 41. Kh1 Nxe4 42. Nb6 Rh5 0-1

[Event "Karakol Derbishev Memorial"]
[Site "Karakol"]
[Date "2017.??.??"]
[Round "9"]
[White "Yurkov, Pavel"]
[Black "Isakjanov, Kelsinbek"]
[Result "1/2-1/2"]
[WhiteElo "2325"]
[BlackElo "2071"]
[PlyCount "68"]
[EventDate "2017.08.16"]
[EventType "swiss"]
[EventRounds "9"]
[EventCountry "KGZ"]
[SourceTitle "CBM 180 Extra"]
[Source "ChessBase"]
[SourceDate "2017.10.06"]
[SourceVersion "1"]
[SourceVersionDate "2017.10.06"]
[SourceQuality "1"]

1. d4 Nf6 2. c4 g6 3. Nc3 Bg7 4. e4 d6 5. Nf3 0-0 6. Be2 e5 7. 0-0 Nc6 8. d5 Ne7 9. Ne1 Ne8 10. Nd3 f5 11. f3 f4 12. c5 g5 13. Bd2 h5 14. cxd6 cxd6 15. Nf2 Rf7 16. Qc2 Kh7 17. Rfc1 Ng8 18. h3 Nh6 19. a4 Bf6 20. Ra3 Rg7 21. Nb5 Bd7 22. Rc3 Kh8 23. b3 g4 24. fxg4 hxg4 25. Bxg4 Bxg4 26. Nxg4 Nxg4 27. hxg4 Bh4 28. Be1 Bxe1 29. Rxe1 a6 30. Na3 Qb6+ 31. Kf1 Rh7 32. Rh3 Nf6 33. Nc4 Qb4 34. Rxh7+ Kxh7 1/2-1/2

[Event "World University-ch 10th"]
[Site "Novokuznetsk"]
[Date "2008.03.06"]
[Round "4"]
[White "Castro, Francisco Manuel Fe"]
[Black "Yurkov, Pavel"]
[Result "0-1"]
[WhiteElo "2152"]
[BlackElo "2332"]
[PlyCount "104"]
[EventDate "2008.03.04"]
[EventType "team"]
[EventRounds "9"]
[EventCountry "RUS"]
[SourceTitle "CBM 123 Extra"]
[Source "ChessBase"]
[SourceDate "2008.05.06"]
[SourceVersion "1"]
[SourceVersionDate "2008.05.06"]
[SourceQuality "1"]

1. e4 c5 2. Nf3 Nc6 3. d4 cxd4 4. Nxd4 e5 5. Nb5 a6 6. Nd6+ Bxd6 7. Qxd6 Qf6 8. Qd1 Qg6 9. f3 Nge7 10. Nc3 0-0 11. Be3 d6 12. Qd2 b5 13. 0-0-0 Rd8 14. h4 h5 15. Bb6 Rd7 16. g4 Rb8 17. Be3 Rd8 18. gxh5 Qxh5 19. Be2 b4 20. Na4 Qh7 21. Bb6 Rd7 22. Bf1 d5 23. Bh3 f5 24. exf5 Rdb7 25. Qg5 Bxf5 26. Bxf5 Qxf5 27. Qxf5 Nxf5 28. Rxd5 Rxb6 29. Nxb6 Rxb6 30. c3 Kf7 31. h5 Ke6 32. Rd2 bxc3 33. bxc3 Nce7 34. Rg2 Kf7 35. Re1 Rb5 36. Rb2 Rc5 37. Kd2 Nd6 38. Rb4 a5 39. Rg4 Kf6 40. Reg1 Ndf5 41. Kd3 Rd5+ 42. Ke2 Rb5 43. Kd3 Rd5+ 44. Ke2 Rd8 45. Rc4 Nd5 46. Rc6+ Kf7 47. Rb1 Nf4+ 48. Kf1 Rd2 49. Rb7+ Kg8 50. Rb5 Ne3+ 51. Kg1 Nh3+ 52. Kh1 Nf1 0-1

[Event "Vitebsk op"]
[Site "Vitebsk"]
[Date "2006.12.13"]
[Round "6"]
[White "Pugachov, Alexey"]
[Black "Yurkov, Pavel"]
[Result "1-0"]
[WhiteElo "2427"]
[BlackElo "2261"]
[PlyCount "43"]
[EventDate "2006.12.09"]
[EventType "swiss"]
[EventRounds "9"]
[EventCountry "RUS"]
[SourceTitle "EXT 2008"]
[Source "ChessBase"]
[SourceDate "2007.11.25"]
[SourceVersion "1"]
[SourceVersionDate "2007.11.25"]
[SourceQuality "1"]

1. e4 c5 2. Nf3 e6 3. d4 cxd4 4. Nxd4 a6 5. Nc3 b5 6. Bd3 d6 7. 0-0 Nf6 8. Qe2 Be7 9. f4 0-0 10. Kh1 Bb7 11. Bd2 b4 12. Nd1 Qb6 13. Nf3 Nc6 14. e5 dxe5 15. fxe5 Nd7 16. Nf2 Nc5 17. Be3 Qc7 18. Bxc5 Bxc5 19. Bxh7+ Kxh7 20. Ng5+ Kh6 21. Ng4+ Kxg5 22. Nf6 1-0

[Event "Izmailov Memorial op 10th"]
[Site "Tomsk"]
[Date "2006.07.13"]
[Round "2"]
[White "Yakovich, Yuri"]
[Black "Yurkov, Pavel"]
[Result "1-0"]
[WhiteElo "2583"]
[BlackElo "2250"]
[PlyCount "43"]
[EventDate "2006.07.12"]
[EventType "swiss"]
[EventRounds "9"]
[EventCountry "RUS"]
[SourceTitle "EXT 2008"]
[Source "ChessBase"]
[SourceDate "2007.11.25"]
[SourceVersion "1"]
[SourceVersionDate "2007.11.25"]
[SourceQuality "1"]

1. c4 Nf6 2. Nc3 c5 3. Nf3 e6 4. e3 d5 5. cxd5 exd5 6. d4 Nc6 7. Be2 cxd4 8. Nxd4 Bd6 9. 0-0 0-0 10. Nxc6 bxc6 11. b3 Qa5 12. Bb2 Ba6 13. Na4 Nd7 14. Bxa6 Qxa6 15. Bxg7 Kxg7 16. Qg4+ Kh8 17. Qxd7 Rad8 18. Qf5 f6 19. Rac1 Qb5 20. Nc3 Qa6 21. Rfd1 Ba3 22. Rc2 1-0